Maailman Liput 2 - Statistics

Yleistilastot
  • Tätä visaa on pelattu 91 kertaa
  • Keskiarvotulos 19 / 59
Vastaustilastot
Kuvavisa Vastaus % Oikein
Brasilia
89%
Argentiina
87%
Kolumbia
85%
Chile
84%
Ecuador
84%
Uruguay
84%
Venezuela
84%
Peru
80%
Trinidad ja Tobago
80%
Paraguay
78%
Dominica
76%
Grenada
75%
Suriname
75%
Guyana
73%
Bolivia
71%
Grönlanti
62%
Gambia
56%
Guam
51%
Neuvostoliitto
47%
Puerto Rico
36%
Brittiläiset Neitsytsaaret
25%
Cookinsaaret
25%
Jugoslavia
24%
Ranskan Polynesia
24%
Amerikan Samoa
22%
Havaiji
22%
Niue
22%
Wake
22%
Aruba
20%
Bermuda
20%
Etelä-Ossetia
18%
Yhdysvaltain Neitsytsaaret
18%
Tokelau
16%
Pohjois-Mariaanit
15%
Anguilla
13%
Bonaire
13%
Caymansaaret
13%
Johnston Atolli
13%
Montserrat
13%
Pitcairn
13%
Saint Helena
13%
Transnistria
11%
Falklandinsaaret
9%
Saba
9%
Sint Maarten
9%
Guadeloupe
7%
Pohjois-Jemen
7%
Sint Eustatius
7%
Wallis ja Futuna
7%
Etelä-Jemen
5%
Turks- ja Caicosaaret
5%
Abhasia
4%
Etelä-Georgia ja Eteläiset Sandwichsaaret
4%
Midwaysaaret
4%
Norfolksaaret
4%
Vuoristo-Karabah
4%
Martinigue
2%
Ranskan Guayana
2%
Saint-Pierre ja Miguelon
2%
Ehtoja vastaavia visoja ei löytynyt
Tulosjakauma
Jokaisen tuloksen saaneiden osuus
Persentiili vastausten määrän mukaan
Tuloshistoriasi
Et ole pelannut tätä visaa